Od učňov vyžadujú samostatnosť Švajčiarska firma ABB novými cestami vo výchove stredných kádrov

Výchova a systém odbornej výučby učňov vo švajčiarskej firme ABB z Badenu. Výučba učňov v súlade s normou ISO. Výchova ladená k trhu práce. Projekt vzdelávacej práce ROBCO. Osvedčenie ISO je prvým krokom na ceste k manažmentu úplnej kvality a k svetovej úrovni.

Saved in:
Bibliographic Details
Format: Book Chapter
Language:Slovak
Subjects:
Tags: Add Tag
No Tags, Be the first to tag this record!

MARC

LEADER 00000naa a2200000 4500
001 r015996
005 20221213114155.8
041 0 |a slo 
044 |a SK 
245 1 0 |a Od učňov vyžadujú samostatnosť  |b Švajčiarska firma ABB novými cestami vo výchove stredných kádrov 
520 |a Výchova a systém odbornej výučby učňov vo švajčiarskej firme ABB z Badenu. Výučba učňov v súlade s normou ISO. Výchova ladená k trhu práce. Projekt vzdelávacej práce ROBCO. Osvedčenie ISO je prvým krokom na ceste k manažmentu úplnej kvality a k svetovej úrovni. 
610 2 0 |a výchova odborná 
610 2 0 |a učni 
610 2 0 |a Švajčiarsko 
610 2 0 |a ABB Baden 
610 2 0 |a školy odborné stredné 
610 2 0 |a učilištia odborné stredné